000 00892nam a2200301Ia 4500
005 20251020182546.0
008 200515s9999 xx 000 0 und d
082 _a747:728.72/M26
100 _aMartínez Alonso, Claudia
245 0 _aApartamentos interiores contemporáneos
260 _aMadrid
260 _bLOFT Publication
260 _c2013
300 _a503 p.
300 _bil., graf., fot., col.
500 _a1 ejemplar
520 _aOfrece una selección de proyectos de todo el mundo con soluciones arquitectónicas que, además de maximizar los espacios reducidos, consiguen crear hogares prácticos y acogedores.
650 _aAPARTAMENTOS
650 _aBAÑOS
650 _aCOCINAS
650 _aDECORACION
650 _aDEPARTAMENTOS
650 _aDISEÑO DE INTERIORES
650 _aDORMITORIOS
650 _aSALAS
942 _cLIB
999 _c2564
_d2564